000 00520nam a22001937a 4500
003 CEME
005 20210628210634.0
008 210210b xxu||||| |||| 00| 0 eng d
020 _a0-471-98852-9
040 _c.
082 _a621.47 MAR
100 _aMarkvart, Tomas
_980299
245 _aSolar electricity
250 _a2ND
260 _aNEW YORK
_bJOHN WILEY
_c2000
300 _a281P
650 _aELECTRICITY FROM THE SUN SOLAR RADIATION SOLAR CELLS PHOTOVOLTAIC SYSTEM ENGINEERING
_980300
942 _cBK
_2ddc
999 _c585243
_d585243